Open Data Biblioteca Nacional de Portugal


República Portuguesa: Ministério da Cultura
Biblioteca Nacional de Portugal

Catálogo da BNP: acesso por Identificadores Unívocos
Registos Bibliográficos associados ao registo de autoridade

Etiqueta de registo: 00000nam 2200025 450
001 1992484
003 http://id.bnportugal.gov.pt/bib/catbnp/1992484
010 ## $a978-989-769-128-7
021 ## $aPT$b438357/18
100 ## $a20180614d2018 m y0pory01030103ba
101 1# $apor
102 ## $aPT
105 ## $ay z 000yy
106 ## $ar
200 1# $aKintsukuroi$fTomás Navarro$gtrad. Sílvia Baptista
205 ## $a1ª ed
210 #9 $aLisboa$cMatéria-Prima,$d2018
215 ## $a227, [2] p.$d24 cm
675 ## $a159.923(035)$vBN$zpor$3913621
700 #1 $aNavarro,$bTomás$31716779
702 #1 $aBaptista,$bSílvia$31650456
801 #0 $aPT$bBN$gRPC
856 41 $uhttp://rnod.bnportugal.gov.pt/ImagesBN/winlibimg.aspx?skey=&doc=1992484&img=110568&save=true
900 ## $aBIBNAC$d20180704
966 ## $lBN$mFGMON$sS.A. 168922 V.$x1
966 ## $lBN$mFGMON$sS.A. 168922 V.-D$x1

Etiqueta de registo: 00254nam 2200025 450
001 2284883
003 http://id.bnportugal.gov.pt/bib/catbnp/2284883
010 ## $a978-989-9180-48-2
021 ## $aPT$b561224/26
100 ## $a20260421d2026 m y0pory01030103ba
101 1# $apor$cspa
102 ## $aPT
105 ## $ay z 000yy
106 ## $ar
200 1# $aSenda Kaizen$e a filosofia japonesa para uma vida melhor$fTomás Navarro$gtrad. Susana Pinheiro
205 ## $a1ª ed
210 #9 $a[S.l.]$cVerso,$d2026
215 ## $a255 p.$d23 cm
304 ## $aTít. orig.: La senda Kaisen
700 #1 $aNavarro,$bTomás$31716779
702 #1 $aPinheiro,$bSusana$4730$3223225
801 #0 $aPT$bBN$gRPC
966 ## $lBN$mFGMON$x1
966 ## $lBN$mFGMON$x1
971 ## $corlando$d20260421

OpendataBNP@bnportugal.pt | Mais informação sobre acesso aos dados BNP